=LDR 00000nam 2200000 4500 =001 INLIS00000000000072 =005 20260702043538 =020 ##$$a 978-602-51556-6-6 =082 ##$$a 639.375 =100 1#$$a Resti, Alzeda =245 1 $$a Panduan Praktis Budi Daya Belut /$c Alzeda Resti =300 ##$$a 100 Hlm. ; 14 x 21 cm